U istokov slovackogo literaturnogo jazyka (obzor novejšej literatury o jazykovoj dejatel'nosti A. Bernolaka) : (otdel'nyj ottisk)

Bibliographic Details
Main Author: Smirnov, Lev Nikandrovič, 1928-2001 (Author)
Format: Book
Language:Russian
PhysicalDescription:S. 85-94 26 cm
Published: Moskva Nauka 1965
Subjects:

MARC

LEADER 00000nam a2200000 a 4500
001 vtls001301896
003 SK-MaSNL
005 20260301235150.0
008 240313s1965 RU a r y 0 rus
015 |a SNBZS1997-00481 
035 |a SNK000253926 
040 |a SNK  |b slo  |c SNK  |e AACR2 
041 0 |a rus 
044 |a RU 
080 |a 801:929(041)=82  |2 1981 
080 |a 808.54-085.3(041)=82  |2 1981 
100 1 |a Smirnov, Lev Nikandrovič,  |d 1928-2001  |4 aut  |9 20659 
245 1 |a U istokov slovackogo literaturnogo jazyka  |b (obzor novejšej literatury o jazykovoj dejatel'nosti A. Bernolaka) : (otdel'nyj ottisk)  |c L.N. Smirnov 
260 |a Moskva  |b Nauka  |c 1965 
300 |a S. 85-94  |c 26 cm 
500 |a Sep odt. z: Istorija slavjanskich literaturnych jazykov. 43, 1965 
500 |a Hlavičkový náz. 
504 |a Bibliogr. odkazy 
650 0 7 |a slovenčina  |2 SNK  |9 1350 
655 7 |a separáty  |2 SNK  |9 70334 
958 |a ZS 
958 |a TL 
958 |a SS 
958 |a OND 
999 |c 973751  |d 975681 
952 |t P60, <03>, [BOOK], {603}  |a SNK  |b SNK  |y PREZ  |7 0  |p 17A0092946  |o snkOSB 11505  |i snkV 2314/97  |0 0  |1 0  |4 0  |d 1997-09-10  |l 0  |r 2005-01-02 00:00:00  |w 2026-02-24 
952 |a SNK  |b SNK  |y VYP  |7 0  |p 17A1122530  |o snkOSB 11505 D1  |i snk2015/11743  |8 1  |0 0  |1 0  |4 0  |d 2015-04-07  |l 0  |r 2026-02-24 10:58:16  |w 2026-02-24